000 00942nam a2200265Ia 4500
003 OSt
005 20220930091726.0
006 a|||||r|||| 00| 0
007 ta
008 220926b |||||||| |||| 00| 0 eng d
024 _a9626
037 _cTheses
040 _aCRL
_cCRL
_beng
041 _2eng
_aeng
100 _aPrabhjeet Kaur Au.
_9546449
110 _aUniversity of Delhi. Faculty of Arts. Department of Library And Information Sciences
_9522969
245 0 _aAvalability and use of information resources and services in the digital environment among pulic libraries in Delhi
_b A study
260 _c2013
300 _a381
_ap.
_ccm.
650 _aLIBRARY SCIENCE
700 _a Dr. Praamjeet K. Walia Gu.
_9546450
700 _aUniversity of Delhi. Faculty of Arts. Department of Library And Information Sciences
_9522970
942 _cDIS
_2CC
999 _c882527
_d882527